00699nam a22002177a 450000500170000000800410001701000280005802000230008602000260010903500170013503500140015203700160016604000180018208200100020010000200021024500480023026000370027827000950031530000250041065100460043520240910114613.0081204t xxu||||| |||| 00| 0 eng d aB-347111-131 ENG-141341 c240.00a8190657968 c240.00a9788190657969 aB-347111-131 aEN-124873 bAakar Books adplbEnglish  a158.1 aWilliams, Nancy aDuty and responsibility/cBy Nancy Williams aNew Delhi bEpitome Books c2009 aB-65 Mansaram Park, Near Nawada Metro Station, bNew Delhi e110059minfo@epitomebooks.com aix,190p.c22cm.(pb)  aPakistanxPolitics and Government y1988-